| 000 | 00669nam a2200217 u 4500 | ||
|---|---|---|---|
| 005 | 20241120063723.0 | ||
| 008 | 081202s2004 r 000 0 eng d | ||
| 020 | _a9509413267 | ||
| 035 | _aUPN01000168303 | ||
| 049 | _aCG | ||
| 050 | 4 |
_aGN492 _bB3.2 |
|
| 100 | 1 | _aBalandier, Georges | |
| 245 | 1 | 0 |
_aAntropología política / _cGeorges Balandier ; tr. Carina Battaglia ; rev., pról. y notas Eduardo Grüner. |
| 260 |
_aBuenos Aires : _bDel Sol, _c2004. |
||
| 300 | _a300 p. | ||
| 440 | 0 | _aAntropolis | |
| 534 |
_pTítulo original: _tAnthropologie politique |
||
| 650 | 0 |
_aAntropología política _94791 |
|
| 650 | 2 |
_aEstructura social _912059 |
|
| 905 | _aLibro | ||
| 999 |
_c140410 _d140410 |
||